Cross-cultural management: (Record no. 155840)

MARC details
000 -LEADER
fixed length control field 00759nam a22002297a 4500
005 - DATE AND TIME OF LATEST TRANSACTION
control field 20180813150902.0
010 ## - LCCN (DPL NO)
LC control number ENG-123721
020 ## - INTERNATIONAL STANDARD BOOK NUMBER
International Standard Book Number 9780199458301
Terms of availability 445.00
035 ## - SYSTEM CONTROL NUMBER
System control number EN-107253
037 ## - SOURCE OF ACQUISITION
Source of stock number/acquisition DBAD/PUB
082 ## - DEWEY DECIMAL CLASSIFICATION NUMBER
Classification number 658.049
100 ## - MAIN ENTRY--PERSONAL NAME
Personal name Madhavan, Shobhana
245 ## - TITLE STATEMENT
Title Cross-cultural management:
Statement of responsibility, etc by Shobhana Madhavan
Remainder of title concepts and cases /
250 ## - EDITION STATEMENT
Edition statement 2nd ed.
260 ## - PUBLICATION, DISTRIBUTION, ETC. (IMPRINT)
Date of publication, distribution, etc 2016
Place of publication, distribution, etc New Delhi
Name of publisher, distributor, etc Oxford University Press
270 ## - ADDRESS
Address YMCA Library Building, 1 Jai Singh Road,
City New Delhi
Postal code 110001
300 ## - PHYSICAL DESCRIPTION
Dimensions 25cm(pbk)
Extent xxii,389p.
Other physical details ill.
500 ## - GENERAL NOTE
General note It include further reading, index and about the author
500 ## - GENERAL NOTE
General note Online Resources for teachers and students
700 ## - ADDED ENTRY--PERSONAL NAME
Personal name
942 ## - ADDED ENTRY ELEMENTS (KOHA)
Item type English Books
Source of classification or shelving scheme Dewey Decimal Classification
Call number suffix MAD
Classification part 658.049
Holdings
Withdrawn status Lost status Not for loan Collection code Home library Current library Date acquired Source of acquisition Cost, normal purchase price Full call number Barcode Copy number Cost, replacement price Koha item type
    Not For Loan Non-fiction D.B.Act.Division Bawana 13/08/2018 DBAD/PUB 445.00 658.049 MAD EN-107253 1 445.00 English Books

© Delhi Public Library
Hit Counter
free hit counter